Religion Quiz

Random Religion or Bible Quiz

Books of the Apocrypha Quiz Stats

 Plays Quiz Updated Jan 17, 2018

Also try: I'm a Bible Book!
Challenge
Share
Tweet
Embed
Score 0/15 Timer 03:00
0 Plays Today
% Correct
1 Maccabees
66.4%
2 Maccabees
66.2%
Tobit
50.7%
Judith
50.2%
Additions to Esther
43.5%
Wisdom of Solomon
40.3%
Sirach
37.6%
Letter of Jeremiah
37.4%
% Correct
Bel and the Dragon
32.6%
Baruch
30.2%
1 Esdras
28%
2 Esdras
28%
Susanna
24.6%
Prayer of Manasseh
15.1%
Prayer of Azariah
14.3%

You're not logged in!

Compare scores with friends on all Sporcle quizzes.
Join for Free
OR
Log In

You Might Also Like...

Show Comments

Extras

Top Quizzes Today


Score Distribution

Your Account Isn't Verified!

In order to create a playlist on Sporcle, you need to verify the email address you used during registration. Go to your Sporcle Settings to finish the process.

Report this User

Report this user for behavior that violates our Community Guidelines.

Details: